Albus Dumbledore's Vocabulary Quiz Stats

 Plays Quiz Updated Jul 20, 2017

Support Sporcle.
Go Orange.
Score 0/20 Timer 05:00
1 Play Today
% Correct
Youth
92.7%
Abilities
92.5%
Blinded
92.1%
Possessions
92%
Caution
91.8%
Nitwit
91.6%
Love
91.6%
Future
91.4%
Temptress
91.2%
Befuddled
90.2%
% Correct
Acceptance
89.9%
Loyalty
89.6%
Truth
89.4%
Siphons
88.7%
Determination
88.2%
Untarnished
87.7%
Dwell
86.1%
Time
86%
Essence
85.7%
Mantle
80.3%

You're not logged in!

Compare scores with friends on all Sporcle quizzes.
OR
Log In
Forgot?

From the Vault

Gaming Pop-Ups II

by Thebiguglyalien

Adblock can't save you here.
Remove Ads.
Support Sporcle.
Get the best of Sporcle when you Go Orange. This ad-free experience offers more features, more stats, and more fun while also helping to support Sporcle. Thank you for becoming a member.

Show Comments

Extras

Top Quizzes Today


Score Distribution

Your Account Isn't Verified!

In order to create a playlist on Sporcle, you need to verify the email address you used during registration. Go to your Sporcle Settings to finish the process.

Report this User

Report this user for behavior that violates our Community Guidelines.

Details: